Ministres d'Emmanuel Macron - Statistiques

Statistiques générales
  • Ce quiz a été pris 91 fois
    87 depuis la dernière actualisation
  • Le résultat moyen est 43 sur 159
Statistiques - réponses
Poste Ministre % Correct
Ministre d'Etat, Garde des Sceaux, Ministre de la Justice (2017)Premier Ministre (2024 - En cours) François Bayrou
98%
Secrétaire d'Etat (2018 - 2020)Secrétaire d'Etat, Porte-parole du Gouvernement (2020 - 2022) Ministre délégué chargé des Comptes publics (2022 - 2023) Ministre de l'Education nationale et de la Jeunesse (2023 - 2024) Premier Ministre (2024) Gabriel Attal
95%
Premier Ministre (2017 - 2020)Ministre de l'intérieur intérimaire (2018) Edouard Philippe
93%
Ministre déléguée chargée des Transports (2017 - 2019)Ministre de la Transition écologique et solidaire (2019 - 2020) Ministre du Travail, de l'Emploi et de l'Insertion (2020 - 2022) Premier Ministre (2022 - 2024) Ministre d'État, ministre de l’Éducation nationale, de l'Enseignement supérieur et de la Recherche (2024 - en cours) Elisabeth Borne
93%
Ministre de l'Action et des Comptes publics (2017 - 2020)Ministre de l'Intérieur (2020 - 2022) Ministre de l'Intérieur et des Outre-Mer (2022 - 2024) Ministre d'État, Garde des Sceaux, ministre de la Justice (2024 - en cours) Gérald Darmanin
93%
Secrétaire d'État chargé du Numérique (2019 - 2020)Secrétaire d'Etat chargé du Numérique et des Communications électroniques (2020 - 2022) Cédric O
85%
Ministre de l'Economie (2017 - 2020)Ministre de l'Economie, des Finances et de la Relance (2020 - 2022) Ministre de l'Economie, des Finances et de la Souveraineté industrielle et numérique (2022 - 2024) Bruno Le Maire
83%
Ministre de l'Intérieur (2024 - en cours) Bruno Retailleau
78%
Premier Ministre (2020 - 2022) Jean Castex
78%
Ministre d'État, ministre des Outre-mer (2024 - en cours) Manuel Valls
78%
Premier Ministre (2024) Michel Barnier
78%
Ministre de l'Enseignement supérieur et de la Recherche (2022 - 2024) Sylvie Retailleau
78%
Secrétaire d'Etat (2017 - 2018)Ministre délégué chargé des Collectivités territoriales (2018 - 2020) Ministre des Outre-Mer (2020 - 2022) Ministre des Armées (2022 - 2024) Ministre des Armées et des Anciens combattants (2024) Ministre des Armées (2024 - en cours) Sébastien Lecornu
75%
Ministre des Sports et des Jeux olympiques et paralympiques (2022 - 2024)Ministre de l'Education nationale, de la Jeunesse, des Sports et des Jeux olympiques et paralympiques (2024) Ministre des Sports et des Jeux Olympiques et Paralympiques (2024) Amélie Oudéa-Castera
73%
Garde des Sceaux, Ministre de la Justice (2020 - 2024) Eric Dupond-Moretti
73%
Ministre de la Culture (2024 - en cours) Rachida Dati
73%
Secrétaire d'État chargée de l'Égalité entre les femmes et les hommes (2017 - 2018)Secrétaire d'État chargée de l'Égalité entre les femmes et les hommes et de la Lutte contre les Discriminations (2018 - 2020) Ministre déléguée chargée de la Citoyenneté (2020 - 2022) Secrétaire d'État chargée de l’Économie sociale et solidaire et de la Vie associative (2022 - 2023) Marlène Schiappa
70%
Ministre de l'Education nationale et de la Jeunesse (2022 - 2023) Pap Ndiaye
70%
Ministre d'Etat, Ministre de l'Intérieur (2017 - 2018) Gérard Collomb
68%
Ministre des Solidarités et de la Santé (2020 - 2022)Ministre délégué chargé des Relations avec le Parlement (2022) Ministre délégué chargé du Renouveau démocratique, porte-parole du gouvernement (2022 - 2024) Olivier Véran
68%
Secrétaire d'État chargé des Relations avec le Parlement, porte-parole du gouvernement (2017)Secrétaire d'État chargé des Relations avec le Parlement (2017 - 2018) Ministre de l'Intérieur (2018 - 2020) Christophe Castaner
65%
Ministre de l'Education nationale (2017 - 2018)Ministre de l'Education nationale et de la Jeunesse (2018 - 2020) Ministre de l'Education nationale, de la Jeunesse et des Sports (2020 - 2022) Jean-Michel Blanquer
65%
Porte-parole du gouvernement (2019 - 2020) Sibeth Ndiaye
65%
Ministre des Solidarités et des Familles (2023 - 2024)Ministre déléguée chargée de l'Egalité entre les femmes et les hommes et de la Lutte contre les discriminations (2024) Ministre déléguée chargée de l'Égalité entre les femmes et les hommes et de la Lutte contre les discriminations (2024 - en cours) Aurore Bergé
60%
Ministre d'Etat, Ministre de la Transition écologique et solidaire (2017 - 2018) Nicolas Hulot
58%
Secrétaire d'Etat (2018 - 2020)Ministre déléguée chargée de l'Industrie (2020 - 2022) Ministre de la Transition énergétique (2022 - 2024) Ministre déléguée (2024) Ministre de la Transition écologie, de l'Energie, du Climat et de la Prévention des risques (2024) Ministre de la Transition écologique, de la Biodiversité, de la Forêt, de la Mer et de la Pêche (2024 - en cours) Agnès Pannier-Runacher
55%
Ministre de la Culture (2020 - 2022) Roselyne Bachelot
55%
Ministre des Solidarités et de la Santé (2017 - 2020) Agnès Buzyn
53%
Ministre du Travail, de la Santé et des Solidarités (2024)Ministre du Partenariat avec les territoires et de la Décentralisation (2024) Ministre du Travail, de la Santé, des Solidarités et des Familles (2024 - en cours) Catherine Vautrin
53%
Ministre des Affaires étrangères (2024) Stéphane Séjourné
53%
Ministre de l'Europe et des Affaires étrangères (2017 - 2022) Jean-Yves Le Drian
50%
Ministre délégué chargé de la Transition numérique et des Télécommunications Ministre délégué chargé de l'Europe Ministre de l'Europe et des Affaires étrangères (2024 - en cours) Jean-Noël Barrot
45%
Garde des Sceaux, Ministre de la Justice (2017 - 2020)Ministre de l'Education nationale et de la Jeunesse (2024) Nicole Belloubet
43%
Secrétaire d'Etat (2017 - 2020)Ministre délégué chargé des Comptes publics (2020 - 2022) Ministre du Travail, du Plein emploi et de l'Insertion (2022 - 2024) Olivier Dussopt
40%
Ministre des Outre-Mer (2022) Yaël Braun-Pivet
40%
Secrétaire d'Etat chargée des Affaires européennes (2019 - 2020)Ministre de la Transformation et de la Fonction publiques (2020 - 2022) Ministre de la Transition écologique et solidaire (2022) Ministre chargée des Comptes publics (2024 - en cours) Amélie de Montchalin
38%
Ministre de l'Economie, des Finances et de l'Industrie (2024) Antoine Armand
38%
Ministre délégué chargé des Collectivités territoriales (2022)Ministre de la Transition écologique et de la Cohésion des Territoires (2022 - 2024) Christophe Béchu
38%
Secrétaire d'Etat chargé des Affaires européennes (2020 - 2022)Ministre délégué chargé des Transports (2022 - 2024) Clément Beaune
38%
Ministre des Armées (2017 - 2022) Florence Parly
38%
Ministre de la Santé et de la Prévention (2022 - 2023) François Braun
38%
Ministre d'Etat, Ministre de la Transition écologique et solidaire (2018 - 2019) François de Rugy
38%
Secrétaire d'Etat chargée de la Jeunesse et du SNU (2023 - 2024)Ministre déléguée chargée du Renouveau démocratique, porte-parole du gouvernement (2024) Prisca Thévenot
38%
Ministre de la Culture (2022 - 2024) Rima Abdul-Malak
38%
Ministre de l'Agriculture, de la Souveraineté alimentaire et de la Forêt (2024)Ministre de l'Agriculture et de la Souveraineté alimentaire (2024 - en cours) Annie Genevard
35%
Ministre de la Culture (2018 - 2020)Ministre délégué chargé du Commerce extérieur et de l'Attractivité (2020 - 2022) Ministre délégué chargé des Relations avec le Parlement (2022 - 2024) Ministre délégué chargé du Commerce extérieur, de l'Attractivité, de la Francophonie et des Français de l'étranger (2024) Franck Riester
35%
Ministre délégué chargé du Logement (2024)Ministre de la Fonction publique, de la Simplification et de la Transformation de l'action publique (2024) Guillaume Kasbarian
35%
Ministre délégué chargé des Relations avec le Parlement et de la Participation citoyenne (2018 - 2022)Ministre de l'Agriculture et de la Souveraineté alimentaire (2022 - 2024) Marc Fesneau
35%
Porte-parole du Gouvernement (2024) Maud Bregeon
35%
Secrétaire d'Etat chargée de l'Economie sociale, solidaire et responsable (2020 - 2022)Secrétaire d'Etat, porte-parole du gouvernement (2022) Ministre déléguée chargée des Entreprises, du Tourisme et de la Consommation (2022 - 2024) Olivia Grégoire
35%
Garde des Sceaux, Ministre de la Justice (2024) Didier Migaud
33%
Secrétaire d'État chargé des Transports (2019 - 2020)Ministre délégué chargé des Transports (2020 - 2022) Jean-Baptiste Djebbari
33%
Ministre de la Cohésion des Territoires (2017) Richard Ferrand
33%
Secrétaire d'Etat chargée de la Biodiversité (2020 - 2023) Bérangère Abba
30%
Ministre de la Culture (2017 - 2018) Françoise Nyssen
30%
Secrétaire d'Etat (2017 - 2020)Ministre déléguée chargée de la Mémoire et des Anciens Combattants (2020 - 2022) Ministre déléguée chargée des Personnes handicapées (2022 - 2023) Ministre de la Santé et de l'Accès aux soins (2024) Geneviève Darrieussecq
30%
Ministre chargé du Budget et des Comptes Publics (2024)Ministre délégué chargé du Commerce extérieur et des Français de l'étranger (2024 - en cours) Laurent Saint-Martin
30%
Ministre du Travail (2017 - 2020) Muriel Pénicaud
30%
Ministre de l'Europe et des Affaires étrangères (2022 - 2024) Catherine Colonna
28%
Ministre de l'Aménagement des territoires et de la Décentralisation (2024 - en cours) François Rebsamen
28%
Ministre délégué chargé de l'Industrie et de l'Energie (2022 - 2024) Roland Lescure
28%
Ministre de la Transformation et de la Fonction publiques (2022 - 2024) Stanislas Guérini
28%
Ministre de la Transition écologique (2020 - 2022) Barbara Pompili
25%
Ministre de l'Économie, des Finances, de la Souveraineté industrielle et Numérique (2024 - en cours) Eric Lombard
25%
Ministre de l'Enseignement supérieur, de la Recherche et de l'Innovation (2017 - 2022) Frédérique Vidal
25%
Ministre des Sports (2017 - 2018) Laura Flessel
25%
Ministre déléguée chargée des Affaires Européennes (2017 - 2019) Nathalie Loiseau
25%
Ministre des Sports (2018 - 2020)Ministre déléguée chargée des Sports (2020 - 2022) Roxana Maracineanu
25%
Ministre des Armées (2017) Sylvie Goulard
25%
Ministre de l'Education nationale (2024) Anne Genetet
23%
Secrétaire d'Etat (2017)Porte-parole du Gouvernement (2017 - 2019) Benjamin Griveaux
23%
Ministre délégué chargé de l'Europe (2024 - en cours) Benjamin Haddad
23%
Ministre des Solidarités, de l'Autonomie et des Personnes handicapées (2022) Damien Abad
23%
Ministre déléguée (2017 - 2018)Ministre de la Cohésion des territoires et des relations avec les territoires (2018 - 2022) Jacqueline Gourault
23%
Ministre de l'Agriculture et de l'Alimentation (2017)Ministre de la Cohésion des Territoires (2017 - 2018) Jacques Mézard
23%
Secrétaire d'Etat (2017 - 2018)Ministre délégué chargé de la Ville et du Logement (2018 - 2020) Ministre de l'Agriculture et de l'Alimentation (2020 - 2022) Julien Denormandie
23%
Ministre de l'Action publique, de la Fonction publique et de la Simplification (2024 - en cours) Laurent Marcangeli
23%
Ministre de la Santé et de la Prévention (2023) Aurélien Rousseau
20%
Ministre déléguée chargée de l'Autonomie (2020 - 2022)Ministre de la Santé et de la Prévention (2022) Brigitte Bourguignon
18%
Secrétaire d'Etat chargé de la Mer (2022 - 2024)Secrétaire d'Etat chargé de la Mer et de la Biodiversité (2024) Hervé Berville
18%
Ministre déléguée chargée des Affaires Européennes (2017) Marielle de Sarnez
18%
Ministre chargé des Transports (2024 - en cours) Philippe Tabarot
18%
Ministre chargé de la Santé et de l'Accès aux soins (2024 - en cours) Yannick Neuder
18%
Ministre des Outre-Mer (2017 - 2020)Ministre de la Mer (2020 - 2022) Annick Girardin
15%
Ministre déléguée chargée de l'Insertion (2020 - 2022) Brigitte Klinkert
15%
Ministre de l'Agriculture et de l'Alimentation (2018 - 2020) Didier Guillaume
15%
Ministre déléguée chargée des Collectivités territoriales et de la Ruralité (2022 - 2024) Dominique Faure
15%
Secrétaire d'Etat (2018 - 2020) Laurent Nuñez
15%
Ministre délégué chargé de l'Industrie (2024)Ministre chargé de l'Industrie et de l'Energie (2024 - en cours) Marc Ferracci
15%
Secrétaire d'Etat chargée de la Ville (2023)Secrétaire d'Etat chargée de la Ville et de la Citoyenneté (2023 - 2024) Sabrina Agresti-Roubache
15%
Secrétaire d'Etat chargée de la Jeunesse et de l'Engagement (2020 - 2022)Secrétaire d'État chargée de la Jeunesse et du Service national universel (2022 - 2023) Secrétaire d'État chargée de la Biodiversité (2023 - 2024) Ministre déléguée chargée de l'Enfance, de la Jeunesse et de la Famille (2024) Sarah El Haïry
15%
Ministre déléguée chargée du Commerce extérieur et des Français de l'étranger (2024)Ministre déléguée, Porte-parole du Gouvernement (2024 - en cours) Sophie Primas
15%
Ministre du Travail et de l'Emploi (2024)Ministre chargée du Travail et de l'Emploi (2024 - en cours) Astrid Panosyan-Bouvet
13%
Ministre déléguée chargée de l'Egalité entre les femmes et les hommes, de la Diversité et de l'Egalité des chances (2020 - 2022) Elisabeth Moreno
13%
Ministre chargé de l'Enseignement supérieur et de la Recherche (2024 - en cours) Philippe Baptiste
13%
Secrétaire d'État chargée des Personnes handicapées (2017 - 2022) Sophie Cluzel
13%
Secrétaire d'Etat chargée de la Ruralité (2022 - 2023)Ministre déléguée chargée de l’Égalité entre les femmes et les hommes et de la Lutte contre les discriminations (2023 - 2024) Bérangère Couillard
10%
Secrétaire d'Etat chargée du Développement, de la Francophonie et des Partenariats internationaux (2022 - 2024) Chrysoula Zacharopoulou
10%
Secrétaire d'État chargée de l’Intelligence artificielle et du Numérique (2024)Ministre déléguée chargée de l'Intelligence artificielle et du Numérique (2024 - en cours) Clara Chappaz
10%
Secrétaire d'Etat (2018 - 2020)Ministre déléguée chargée du Logement (2020 - 2022) Emmanuelle Wargon
10%
Ministre déléguée chargée de la Ruralité, du Commerce et de l'Artisanat (2024)Ministre déléguée chargée de la Ruralité (2024 - en cours) Françoise Gatel
10%
Ministre chargé des Outre-Mer (2024)Ministre auprès du Ministre de l'Intérieur (2024 - en cours) François-Noël Buffet
10%
Haut-commissaire aux Retraites (2019) Jean-Paul Delevoye
10%
Ministre déléguée chargée de la Ville (2024 - en cours) Juliette Méadel
10%
Ministre des Sports, de la Jeunesse et de la Vie associative (2024 - en cours) Marie Barsacq
10%
Secrétaire d'État chargé du Numérique (2017 - 2019) Mounir Mahjoubi
10%
Ministre des Solidarités, de l'Autonomie et de l'Egalité entre les femmes et les hommes (2024) Paul Christophe
10%
Ministre délégué chargé des Outre-Mer (2023 - 2024) Philippe Vigier
10%
Ministre du Logement et de la Rénovation urbaine (2024)Ministre chargée du Logement (2024 - en cours) Valérie Létard
10%
Ministre déléguée chargée de l'organisation territoriale et des professions de santé (2022 - 2023)Ministre de la Santé et de la Prévention (2023 - 2024) Agnès Firmin-le-Bodo
8%
Ministre délégué chargé des Transports (2024) François Durovray
8%
Ministre délégué chargé de la Santé et de la Prévention (2024) Frédéric Valletoux
8%
Ministre délégué chargé des Outre-Mer (2022 - 2023) Jean-François Carenco
8%
Secrétaire d'Etat chargée de l'Ecologie (2022 - 2023)Secrétaire d'Etat chargée de l'Europe (2023 - 2024) Laurence Boone
8%
Ministre déléguée chargée des Relations avec le Parlement (2024)Ministre déléguée chargée du Tourisme (2024 - en cours) Nathalie Delattre
8%
Secrétaire d'État chargé de la Citoyenneté et de la Lutte contre les discriminations (2024) Othman Nasrou
8%
Secrétaire d'Etat chargée des Anciens combattants et de la Mémoire (2022 - 2024)Ministre déléguée chargée de la Mémoire et des Anciens combattants (2024 - en cours) Patricia Mirallès
8%
Ministre de l'Enseignement supérieur et de la Recherche (2024) Patrick Hetzel
8%
Ministre de l'Agriculture et de l'Alimentation (2017 - 2018) Stéphane Travert
8%
Ministre délégué chargé des Comptes publics (2023 - 2024) Thomas Cazenave
8%
Secrétaire d'Etat (2019 - 2020)Ministre délégué chargé du Logement (2020) Secrétaire d'Etat chargé de l'Enfance et des Familles (2020 - 2022) Adrien Taquet
5%
Secrétaire d'Etat (2017 - 2020) Brune Poirson
5%
Ministre déléguée chargée de l'enseignement et de la formation professionnels (2022 - 2024) Carole Grandjean
5%
Ministre déléguée chargée des Collectivités territoriales (2022) Caroline Cayeux
5%
Secrétaire d'Etat chargée de l'Enfance (2022 - 2024) Charlotte Caubel
5%
Ministre déléguée chargée Personnes en situation de handicap (2024)Ministre déléguée chargée de l'Autonomie et du Handicap (2024 - en cours) Charlotte Parmentier-Lecoq
5%
Ministre déléguée chargée de l'Egalité entre les femmes et les hommes, de la Diversité et de l'Egalité des chances (2022 - 2023) Isabelle Lonvis-Rome
5%
Secrétaire d'Etat (2017 - 2020)Secrétaire d'Etat chargé du Tourisme, des Français de l'Etranger et de la Francophonie (2020 - 2021) Ministre délégué chargé des PME, du Tourisme, des Français de l'Etranger et de la Francophonie (2021 - 2022) Jean-Baptiste Lemoyne
5%
Secrétaire d'Etat chargé de la Ruralité (2020 - 2022)Ministre de la Cohésion des territoires et des Relations avec les collectivités territoriales (2022) Joël Giraud
5%
Secrétaire d'Etat chargé des Retraites (2019)Secrétaire d'Etat chargé des Retraites et de Santé au travail (2020 - 2022) Laurent Pietraszewski
5%
Ministre déléguée chargée des Outre-Mer (2024) Marie Guévenoux
5%
Secrétaire d'Etat chargée du Numérique (2024)Ministre déléguée chargée de l'Economie du tourisme (2024) Marina Ferrari
5%
Ministre délégué chargé de la Ville et du Logement (2022 - 2023) Olivier Klein
5%
Ministre délégué chargé des Relations avec le Parlement (2024 - en cours) Patrick Mignola
5%
Secrétaire d'Etat chargée de la citoyenneté (2022 - 2023) Sonia Backès
5%
Ministre déléguée chargée du Commerce, de l'Artisanat, des Petites et Moyennes Entreprises et de l'Économie sociale et solidaire (2024 - en cours) Véronique Louwagie
5%
Ministre délégué chargé des PME (2020 - 2021) Alain Griset
3%
Secrétaire d'Etat (2018 - 2020) Christelle Dubos
3%
Secrétaire d'Etat (2017 - 2018) Delphine Gény-Stephann
3%
Ministre délégué (2024) Jean-Louis Thiériot
3%
Secrétaire d'Etat chargée de la Mer (2022) Justine Bénin
3%
Secrétaire d'État chargée de la Consommation (2024) Laurence Garnier
3%
Ministre déléguée chargée de la Coordination gouvernementale (2024) Marie-Claire Carrère-Gée
3%
Ministre déléguée chargées des Relations avec le Parlement (2024) Marie Lebec
3%
Ministre déléguée chargée de la Ville (2020 - 2022) Nadia Hai
3%
Secrétaire d'Etat chargée de l'Education prioritaire (2020 - 2022) Nathalie Elimas
3%
Ministre déléguée chargée de l'Energie (2024) Olga Givernet
3%
Ministre délégué chargé du Commerce extérieur, de l'attractivité et des Français de l'Etranger (2022 - 2024) Olivier Becht
3%
Ministre délégué chargé du Logement (2023 - 2024)Ministre délégué chargé des Transports (2024) Patrice Vergriete
3%
Secrétaire d'État chargé de la Francophonie et des Partenariats internationaux (2024)Ministre délégué chargé de la Francophonie et des Partenariats internationaux (2024 - en cours) Thani Mohammed Soilihi
3%
Ministre déléguée chargée de la Famille et de la Petite enfance (2024) Agnès Canayer
0%
Ministre délégué chargé de la Réussite scolaire et de l'Enseignement professionnel (2024) Alexandre Portier
0%
Ministre délégué chargé de la Mer et de la Pêche (2024) Fabrice Loher
0%
Ministre délégué chargée des Personnes handicapées (2023 - 2024) Fadila Khattabi
0%
Ministre des Sports, de la Jeunesse et de la Vie associative (2024) Gil Avérous
0%
Ministre des Solidarités, de l'Autonomie et des Personnes handicapées (2022 - 2023) Jean-Christophe Combe
0%
Ministre déléguée chargée de l'Economie sociale et solidaire, de l'Interessement et de la Participation (2024) Marie-Agnès Poussier-Winsback
0%
Ministre délégué chargé de la Sécurité du quotidien (2024) Nicolas Daragon
0%
Secrétaire d'État chargée de l’Égalité entre les femmes et les hommes (2024) Salima Saa
0%
Aucun quiz correspondant
Distribution des résultats
% des personnes avec chaque résultat
Percentile par nombre de réponses
Votre historique - résultats
Vous n’avez pas pris ce quiz depuis la dernière actualisation